| 000 | 01530namaa22003371i 4500 | ||
|---|---|---|---|
| 003 | EG-GICUC | ||
| 005 | 20251109111910.0 | ||
| 008 | 251109s1988 ts ||||jr|||| 001 p ara d | ||
| 017 |
_a201 / 88 _bالمكتبة الوطنية (تونس) |
||
| 020 | _a9973911067 | ||
| 040 |
_aEG-GiCUC _bara _cEG-GiCUC _dEG-GiCUC _erda |
||
| 082 | 0 | 4 |
_221 _a811.8006 _bQ11 |
| 092 | 0 | 4 |
_221 _a811.8006 _bQ11 |
| 099 | _a811.8006 Q11 | ||
| 100 | 1 |
_aالقيسى، عبد الكريم _eمؤلف. |
|
| 245 | 1 | 0 |
_aديوان عبد الكريم القيسى الاندلسى / _cعبد الكريم القيسى ؛ تحقيق د. جمعة شيخة، د. محمد الهادى الطرابلسى |
| 264 |
_aقرطاج (تونس) : _bالمؤسسة الوطنية للترجمة والتحقيق والدراسات، _c1988. |
||
| 300 |
_a528 صفحة ؛ _c24 سم |
||
| 336 |
_2rdacontent _atext |
||
| 337 |
_2rdamedia _aUnmediated |
||
| 338 |
_2rdacarrier _avolume |
||
| 500 | _aيشتمل على مقدمة باللغة الانجليزية والفرنسية والاسبانية. | ||
| 504 | _aيشتمل على ارجاعات ببليوجرافية وكشافات. | ||
| 541 |
_aد. جابر عصفور ؛ _bالقاهرة ؛ _cإهداء ؛ _d2024. |
||
| 650 | 1 | 7 |
_aالشعر العربى _xدواوين وقصائد _yالعصر الاندلسى _2qrmak |
| 651 | 1 | _2qrmak | |
| 700 | 1 |
_aشيخة، جمعة _eمحقق. |
|
| 700 | 1 |
_aالطرابلسى، محمد الهادى _eمحقق. |
|
| 905 | _aNermeen | ||
| 942 |
_2ddc _cBK _e21 _n0 |
||
| 999 |
_c175642 _d175642 |
||